|
|
|
|
| LEADER |
01853cam a2200325Ia 4500 |
| 001 |
9780203973745 |
| 003 |
FlBoTFG |
| 005 |
20091230162920.0 |
| 006 |
a|||||s||||||||||| |
| 007 |
cr|||| |
| 008 |
961107s1997 enka sb 001 0 eng d |
| 020 |
|
|
|a 9780203973745 (e-book : PDF)
|
| 040 |
|
|
|a FlBoTFG
|c FlBoTFG
|d GrThAP
|
| 043 |
|
|
|a e------
|a ff-----
|a aw-----
|
| 090 |
|
|
|a DG70.A1
|b R66 1997
|
| 092 |
|
|
|a 307.760937
|b R758
|
| 245 |
0 |
0 |
|a Roman urbanism
|h [electronic resource] :
|b beyond the consumer city /
|c edited by Helen M. Parkins.
|
| 260 |
|
|
|a London ;
|a New York :
|b Routledge,
|c 1997.
|
| 300 |
|
|
|a xvi, 227 p. :
|b ill.
|
| 504 |
|
|
|a Includes bibliographical references and indexes.
|
| 505 |
0 |
|
|a Writing the Roman metropolis / Ray Laurence -- The idea of a city : âelite ideology and the evolution of urban form in Italy, 200 BC-AD 100 / Kathryn Lomas -- Cities in context : urban systems in Roman Italy / Neville Morley -- Mobility and social change in Italian towns during the principate / Henrik Mouritsen -- The 'consumer city' domesticated? : the Roman city in âelite economic strategies / Helen Parkins -- Roman households : an archaeological perspective / Penelope M. Allison -- Ritual and power in the Romano-Egyptian city / Richard Alston -- Ideology and reception : reading symbols of Roman Cyrene / Eireann Marshall -- Beyond belief? : drawing a line beneath the consumer city / David J. Mattingly.
|
| 530 |
|
|
|a Also available in print edition.
|b CRC Press (http://www.crcpress.com)
|
| 538 |
|
|
|a Mode of access: World Wide Web.
|
| 650 |
|
0 |
|a Cities and towns, Ancient
|z Rome.
|
| 650 |
|
0 |
|a Urban archaeology.
|
| 651 |
|
0 |
|a Rome
|x Civilization.
|
| 655 |
|
7 |
|a Electronic books.
|2 lcsh
|
| 700 |
1 |
|
|a Parkins, Helen,
|d 1966-
|
| 776 |
1 |
|
|z 9780415117715
|
| 856 |
4 |
0 |
|u http://www.tandfebooks.com/isbn/9780203973745
|z Full Text via HEAL-Link
|